| 000 | 01270namaa2200289 i 4500 | ||
|---|---|---|---|
| 001 | 177700 | ||
| 003 | ES-MaACL | ||
| 005 | 20250726075521.0 | ||
| 008 | 110413m18861889fr | |||| ||fre d | ||
| 040 |
_aSpMaBN _bspa _cSpMaBN _erdc |
||
| 080 | _a003.322.071 | ||
| 100 | 1 |
_aGayet, E. _9146162 |
|
| 245 | 1 | 0 |
_aMusée du Louvre _b: stèles de la XIIe dynastie / _cpar E. Gayet et [A.J. Gayet]. |
| 260 |
_aParis : _bF. Vieweg : _bÉmile Bouillon, _c1886-1889. |
||
| 300 |
_a2 v. : _blám. ; _c30 cm. |
||
| 490 | 1 |
_aBibliothéque de l'école des hautes études. Sciences philologiques et historiques ; _vfasc. 68 |
|
| 505 | 8 | _a1re livraison par E. Gayet, 1886. (LX p. de lám.). - 2e livraison par A. J. Gayet, 1889 (13, [12] p.) | |
| 546 |
_aTexto en francés y egipcio ; _bJeroglífico. |
||
| 594 | _aCada parte con portada propia. | ||
| 650 | 4 |
_aInscripciones egipcias. _9146132 |
|
| 700 | 0 |
_aGayet, Albert. _956145 |
|
| 710 | 2 |
_aMusée du Louvre. _bDépartament des antiquites égyptiennes. _9146163 |
|
| 830 | 0 | 0 |
_aBibliothèque de l'École des Hautes Études. Sciences historiques et philologiques _vfasc. 68 _9229685 |
| 852 |
_aES-MaACL _jC-7577(3-4) _zEncuadernado con otras obras |
||
| 999 |
_c177700 _d177700 |
||